000 00375nam a2200157Ia 4500
008 230524s9999 xx 000 0 und d
082 _a5
_bPOH
100 _aIra Pohl
245 0 _aObject Oriented Programming using C++
250 _a2ND
260 _aNEW DELHI
_bPearson
_c2003
300 _aXVII;521
500 _aQuantity Number: 2
650 _aComp-Sc
942 _cBK
999 _c36723
_d36723